[Event "Astrakhan Gazprombank-B"]
[Site "Astrakhan"]
[Date "2013.03.06"]
[Round "5"]
[White "Plotnikov, Mikhail"]
[Black "Menshenina, Anna"]
[Result "1-0"]
[WhiteElo "1993"]
[BlackElo "1482"]
[PlyCount "69"]
[EventDate "2013.03.02"]
[EventType "swiss"]
[EventRounds "9"]
[EventCountry "RUS"]
[SourceTitle "EXT 2014"]
[Source "ChessBase"]
[SourceDate "2013.11.20"]
[SourceVersion "1"]
[SourceVersionDate "2013.11.20"]
[SourceQuality "1"]

1. e4 e5 2. Nf3 Nc6 3. Bc4 Nf6 4. Ng5 d5 5. exd5 Na5 6. Bb5+ c6 7. dxc6 bxc6 8. Ba4 Nd5 9. d3 Bd6 10. c4 Nb6 11. Qf3 Qd7 12. Bd1 h6 13. Ne4 Bb4+ 14. Bd2 Bxd2+ 15. Nbxd2 Nb7 16. c5 Nd5 17. Nc4 0-0 18. 0-0 Qe7 19. Ncd6 Nxc5 20. Nc4 Re8 21. Rc1 Nb7 22. Re1 Bd7 23. h3 Rad8 24. Qg3 f6 25. Bh5 Rf8 26. d4 exd4 27. Ned6 Be6 28. Nxb7 Qxb7 29. Rxe6 d3 30. Rd1 Qb5 31. b3 Nc3 32. Rxd3 Qf5 33. Re7 g6 34. Bxg6 Ne2+ 35. Rxe2 1-0

[Event "RUS-chT Clubs U18"]
[Site "Rybinsk"]
[Date "2009.08.09"]
[Round "8"]
[White "Afanasiev, Dmitry"]
[Black "Plotnikov, Mikhail"]
[Result "1-0"]
[WhiteElo "1977"]
[BlackElo "2026"]
[PlyCount "67"]
[EventDate "2009.08.02"]
[EventType "team-swiss"]
[EventRounds "9"]
[EventCountry "RUS"]
[SourceTitle "CBM 131 Extra"]
[Source "ChessBase"]
[SourceDate "2009.09.03"]
[SourceVersion "2"]
[SourceVersionDate "2009.09.16"]
[SourceQuality "1"]

1. d4 d5 2. c4 c6 3. Nf3 e6 4. Nc3 Nf6 5. e3 Nbd7 6. Bd3 Be7 7. 0-0 0-0 8. Qc2 h6 9. b3 b6 10. Bb2 Bb7 11. Rad1 Re8 12. Qb1 Bd6 13. cxd5 exd5 14. Ne2 Rc8 15. Ng3 Qc7 16. Rc1 Qb8 17. Rfd1 c5 18. dxc5 Bxc5 19. Qa1 Ng4 20. Bxg7 Nxe3 21. Bxh6 Ne5 22. fxe3 Nxf3+ 23. gxf3 Bxe3+ 24. Bxe3 Rxe3 25. Qd4 Rce8 26. Qg4+ Kh8 27. Qh5+ Kg8 28. Qh7+ Kf8 29. Nf5 Qe5 30. Qh6+ Kg8 31. Nxe3 Re6 32. Bh7+ Kh8 33. Bg6+ Kg8 34. Qh7+ 1-0

[Event "RUS-chT Clubs U18"]
[Site "Rybinsk"]
[Date "2009.08.08"]
[Round "7"]
[White "Plotnikov, Mikhail"]
[Black "Danilova, Tatiana"]
[Result "1/2-1/2"]
[WhiteElo "2026"]
[BlackElo "1843"]
[PlyCount "58"]
[EventDate "2009.08.02"]
[EventType "team-swiss"]
[EventRounds "9"]
[EventCountry "RUS"]
[SourceTitle "CBM 131 Extra"]
[Source "ChessBase"]
[SourceDate "2009.09.03"]
[SourceVersion "2"]
[SourceVersionDate "2009.09.16"]
[SourceQuality "1"]

1. d4 e6 2. c4 d5 3. Nc3 Nf6 4. cxd5 exd5 5. Bg5 c6 6. e3 Bd6 7. Bd3 h6 8. Bh4 0-0 9. Nf3 Be6 10. 0-0 Nbd7 11. Rc1 Rc8 12. Re1 Be7 13. e4 dxe4 14. Nxe4 Nxe4 15. Bxe7 Nxf2 16. Kxf2 Qxe7 17. Bf5 Qf6 18. Bxe6 fxe6 19. Kg1 Nb6 20. Qe2 Rce8 21. Ne5 Qd8 22. Rcd1 Qd5 23. b3 Rf6 24. Qd3 Nd7 25. Ng4 Rff8 26. Nxh6+ gxh6 27. Qg6+ Kh8 28. Qxh6+ Kg8 29. Qg6+ Kh8 1/2-1/2

[Event "RUS-chT Clubs U18"]
[Site "Rybinsk"]
[Date "2009.08.02"]
[Round "1"]
[White "Vavulin, Maksim"]
[Black "Plotnikov, Mikhail"]
[Result "1-0"]
[WhiteElo "1983"]
[BlackElo "2026"]
[PlyCount "55"]
[EventDate "2009.08.02"]
[EventType "team-swiss"]
[EventRounds "9"]
[EventCountry "RUS"]
[SourceTitle "CBM 131 Extra"]
[Source "ChessBase"]
[SourceDate "2009.09.03"]
[SourceVersion "2"]
[SourceVersionDate "2009.09.16"]
[SourceQuality "1"]

1. e4 c5 2. Nf3 Nc6 3. Bb5 g6 4. c3 Nf6 5. e5 Nd5 6. 0-0 Bg7 7. d4 cxd4 8. cxd4 0-0 9. Nc3 Nxc3 10. bxc3 d6 11. Bxc6 bxc6 12. exd6 Qxd6 13. a4 Rd8 14. Ba3 Qc7 15. Re1 e6 16. Qe2 Bb7 17. Bc5 Qa5 18. Qe3 Qc7 19. a5 Ba6 20. g4 Qd7 21. Qf4 Qd5 22. Re3 h6 23. Ne5 Bxe5 24. Rxe5 Qb3 25. Re3 Kg7 26. Be7 Rd7 27. Bf6+ Kh7 28. Rh3 1-0

[Event "Novokuznetsk-ch op"]
[Site "Novokuznetsk"]
[Date "2007.11.24"]
[Round "5"]
[White "Plotnikov, Mikhail"]
[Black "Lavrov, Sergey G"]
[Result "0-1"]
[WhiteElo "2005"]
[BlackElo "2099"]
[PlyCount "122"]
[EventDate "2007.11.24"]
[EventType "swiss"]
[EventRounds "9"]
[EventCountry "RUS"]
[SourceTitle "EXT 2022"]
[Source "ChessBase"]
[SourceDate "2021.10.06"]
[SourceVersion "1"]
[SourceVersionDate "2021.10.06"]
[SourceQuality "1"]

1. f4 d5 2. Nf3 e6 3. e3 c5 4. b3 Nf6 5. Bb2 Be7 6. a4 Nc6 7. Na3 0-0 8. Be2 d4 9. g3 Bd7 10. 0-0 dxe3 11. dxe3 a6 12. Ne5 Nxe5 13. Bxe5 Nd5 14. Qd2 Bf6 15. Nc4 b5 16. Bxf6 Nxf6 17. Ne5 Qc7 18. Nxd7 Nxd7 19. axb5 axb5 20. Bxb5 Nf6 21. Bd3 g6 22. e4 Rfd8 23. Qe3 Qb6 24. Kg2 Qc6 25. h3 Rd4 26. Rxa8+ Qxa8 27. Re1 Qc6 28. g4 Nd7 29. Kg3 Nb6 30. f5 exf5 31. gxf5 Rd8 32. Qg5 Ra8 33. e5 Qc7 34. Kf2 c4 35. bxc4 Nxc4 36. e6 Qc5+ 37. Kf1 fxe6 38. Qg4 Nd6 39. Rxe6 Nxf5 40. Bxf5 Qxf5+ 41. Qxf5 gxf5 42. Rc6 Kf7 43. Kf2 Ra3 44. c3 Ra4 45. Kf3 Rh4 46. Kg3 Rh5 47. h4 Ke7 48. c4 f4+ 49. Kg4 f3 50. Rc7+ Ke6 51. Rc8 Rf5 52. Rc6+ Kd7 53. Ra6 f2 54. Kxf5 f1Q+ 55. Kg5 Qxc4 56. Ra7+ Ke6 57. Rxh7 Qd5+ 58. Kg6 Qf5+ 59. Kg7 Qf7+ 60. Kh6 Qf8+ 61. Kh5 Kf5 0-1